000 00498nam a22001577a 4500
003 OSt
005 20151001144912.0
008 151001b xxu||||| |||| 00| 0 eng d
040 _cRUA
082 _aAGR.MEL 2002 B062 Or.1
100 _91687
_aMELLE, KEO SOVANNARY.
245 _aEtude sur l'eclosion et l'elevage des cailles dans le centre de recherche de l'universite royale d'agriculture (RUA) au cambodge.
260 _aphnom phen
_bRUA
_c2003
300 _a38p.
_bill.
_c29cm.
942 _2ddc
_cAGR
999 _c1589
_d1589